00734 2200265 4500001002100000005001700021008004100038035002400079082001100103090001800114100002000132245011200152250001100264260002500275300002500300500003100325500001100356650002300367700001700390850001200407980001300419985000600432999001500438999001500453YOGYA-0209000002701320090227024116.0 ind  0010-020900000027013 a297.09 a297.09bPit I aPITSUWAN, Surin aIslam di Muangthaibnasionalisme Melayu, masyarakat patanicSurin Pitsuwan ; diterjemahkan oleh Hasan Basri aCet. 1 aJakartabLP3ESc1989 a233 hlmbilusc21 cm aBibliografi : hlm. 217-226 aIndeks aIslam di Muangthai aBasri, Hasan aYOPDYOG a11-01-07 a2 a06A0013638 a06A0013639